000
00452nam a2200145Ia 4500
008
100122s9999 xx 000 0 und d
082
_b
22528
_a
823
100
_a
शेळके उध्दव ज
245
_a
लेडिज होस्टेल
260
_b
अनुपम प्रकाशन
_c
1975
300
_a
245
630
_a
लेडिज होस्टेल
730
_a
लेडिज होस्टेल
942
_c
BOOK
999
_c
410335
_d
410332